00821nam a22002177a 450000500170000001000150001702000270003203500140005903700130007308200200008610000250010624500650013125000060019626000670020227000940026930000270036370000260039094200310041699900190044795201370046620240521114750.0 aENG-140404 c995.00 a9789392038389 aEN-123936 bDBAD/PUB a633.1809545121 aDeka Dipjyoti966570 aRicelore in Lower Assam An Exploratory Study/cDipjyoti Deka a1 aEBH Publisher (India)ban imprint of Easterm, Book Housec2023 a136, M.L. Nehru Road Panbazar GuwahatibAssam (India)e781001measternbookhouse@gmail.com aviii,156p.;c24cm (hp) aDeka, Dipjyoti966429 2ddccENh633.18095451mDEK c203066d203066 001040708NFICaBL4bBL4d2024-05-21eDBADg995.00l0o633.18095451 DEKpEN-123936r2024-05-21 00:00:00t1v995.00w2024-05-21yEN